000 00311nam a2200145Ia 4500
100 _aJain S.K.
650 _aElectrical Engineering
942 _cBK
654 _aT.V.
245 _aSolve your T.V. Problems
260 _bNew Heights
_aDelhi
_c1981
082 _a621.388
300 _a281
546 _aENGLISH
999 _c22859
_d22859